| 000 | 00618cac a2200217 a 4500 | ||
|---|---|---|---|
| 003 | CO-PeBPM | ||
| 005 | 20251210141049.0 | ||
| 008 | 231129s1980||||ck ||||||||||||| ||spa|| | ||
| 040 |
_aCO-PeBPM _bspa _cCO-PeBPM _erda |
||
| 041 | _aspa | ||
| 082 | 0 | 4 |
_a158.1 M298a _222 |
| 100 | 1 |
_aMarden, Orison Sweet _eautor |
|
| 245 | 1 | 0 |
_aLa alegria del vivir _c/ Orison Sweet Marden |
| 260 |
_aBogotá, Colombia _b: Climent _c, 1980 |
||
| 300 |
_a214 páginas _c17 páginas |
||
| 490 | _aColección Marden | ||
| 500 | _aIncluye índice | ||
| 650 | 1 | 4 |
_aFelicidad _2LEMB |
| 650 | 1 | 4 |
_a Felicidad - Ética _2LEMB |
| 942 |
_2ddc _cBK |
||
| 999 |
_c16390 _d16390 |
||